[Event "London Classic op U1750 11th"]
[Site "London"]
[Date "2019.12.05"]
[Round "4"]
[White "Bardal, Asgeir"]
[Black "Llewellyn, Julian D"]
[Result "0-1"]
[WhiteElo "1635"]
[BlackElo "1576"]
[PlyCount "48"]
[EventDate "2019.12.02"]
[EventType "swiss"]
[EventRounds "5"]
[EventCountry "ENG"]
[SourceTitle "CBM 195 Extra"]
[Source "ChessBase"]
[SourceDate "2020.05.31"]
[SourceVersion "1"]
[SourceVersionDate "2020.05.31"]
[SourceQuality "1"]

1. d4 g6 2. c4 Bg7 3. e4 d6 4. Nc3 Nc6 5. Be3 e5 6. d5 Nce7 7. Bd3 Nh6 8. f3 f5 9. Qd2 Nf7 10. f4 0-0 11. Nf3 fxe4 12. Bxe4 Nf5 13. Bxf5 Bxf5 14. 0-0-0 a6 15. Rdg1 exf4 16. Bd4 Ne5 17. b3 b5 18. Nxe5 dxe5 19. Bc5 bxc4 20. bxc4 e4 21. Nxe4 Bxe4 22. Re1 Re8 23. Qxf4 Qf6 24. Rxe4 Qb2+ 0-1

[Event "London Classic op U1750 11th"]
[Site "London"]
[Date "2019.12.03"]
[Round "2"]
[White "Bardal, Asgeir"]
[Black "Manmay, Chopra"]
[Result "1-0"]
[WhiteElo "1635"]
[BlackElo "1339"]
[PlyCount "67"]
[EventDate "2019.12.02"]
[EventType "swiss"]
[EventRounds "5"]
[EventCountry "ENG"]
[SourceTitle "CBM 195 Extra"]
[Source "ChessBase"]
[SourceDate "2020.05.31"]
[SourceVersion "1"]
[SourceVersionDate "2020.05.31"]
[SourceQuality "1"]

1. d4 Nf6 2. c4 g6 3. Nc3 Bg7 4. e4 d6 5. f3 0-0 6. Be3 e5 7. Nge2 Nbd7 8. Qd2 c6 9. d5 cxd5 10. cxd5 Nh5 11. g4 Nhf6 12. h4 h5 13. Ng3 hxg4 14. Be2 Nb6 15. h5 Nxh5 16. Nxh5 gxh5 17. Bh6 f5 18. Bxg7 Kxg7 19. fxg4 f4 20. gxh5 Kh6 21. 0-0-0 Rg8 22. Rdg1 Rg5 23. Nb5 a6 24. Rxg5 Qxg5 25. Nxd6 Qe7 26. Qb4 Qc7+ 27. Kb1 a5 28. Nf7+ Kg7 29. h6+ Kxf7 30. Bh5+ Kg8 31. Rg1+ Kh7 32. Qf8 Bh3 33. Rg7+ Kxh6 34. Qf6+ 1-0

[Event "London Classic op U1750 11th"]
[Site "London"]
[Date "2019.12.02"]
[Round "1"]
[White "White, Nigel1111"]
[Black "Bardal, Asgeir"]
[Result "1/2-1/2"]
[WhiteElo "1371"]
[BlackElo "1635"]
[PlyCount "92"]
[EventDate "2019.12.02"]
[EventType "swiss"]
[EventRounds "5"]
[EventCountry "ENG"]
[SourceTitle "CBM 195 Extra"]
[Source "ChessBase"]
[SourceDate "2020.05.31"]
[SourceVersion "1"]
[SourceVersionDate "2020.05.31"]
[SourceQuality "1"]

1. e4 c6 2. Nc3 d5 3. Nf3 d4 4. Ne2 c5 5. c3 Bg4 6. Qa4+ Bd7 7. Qb3 dxc3 8. bxc3 b5 9. Ng3 c4 10. Qb2 Qc7 11. d4 e6 12. Ne5 a5 13. Nxd7 Qxd7 14. a3 Na6 15. Be2 Rc8 16. 0-0 Nf6 17. Bf3 Be7 18. Rd1 0-0 19. Be3 Rfd8 20. Rd2 Qe8 21. Bf4 b4 22. axb4 Nxb4 23. Be2 a4 24. Qc1 Na6 25. Be3 Qc6 26. Qd1 a3 27. Rda2 Nxe4 28. Nxe4 Qxe4 29. Bc1 e5 30. Bxa3 Bxa3 31. Rxa3 Nb8 32. f3 Qe3+ 33. Kf1 exd4 34. cxd4 Qxd4 35. Qxd4 Rxd4 36. Rc3 Nd7 37. Rac1 Nb6 38. Ra3 f5 39. Ra6 Nd5 40. Ra4 Ne3+ 41. Kf2 f4 42. g3 g5 43. g4 Kg7 44. Ra7+ Kh8 45. Ra4 Kg7 46. Ra7+ Kh8 1/2-1/2